The Local Allocation of EU Funds in Slovakia: Determinants of Success in Project Submissions in 2014-2020

Cieľom príspevku je identifikovať determinanty úspešnosti predkladaných projektov na financovanie z európskych štrukturálnych a investičných fondov (EŠIF) pre obce na Slovensku v programovom období 2014-2020. Regresory použité vo vytvorenom ekonometrickom modeli zahŕňajú proxy pre skúsenosti s písan...

Full description

Saved in:
Bibliographic Details
Main Author: Výrostová, Eva
Other Authors: Výrost, Tomáš, 1978-
Format: Book Chapter
Language:English
Subjects:
Tags: Add Tag
No Tags, Be the first to tag this record!

MARC

LEADER 00000naa$a2200000$$$4500
001 0298097
005 20250128112007.9
041 0 |a eng 
044 |a CZ 
245 1 0 |a The Local Allocation of EU Funds in Slovakia: Determinants of Success in Project Submissions in 2014-2020  |c Eva Výrostová, Tomáš Výrost 
520 |a Cieľom príspevku je identifikovať determinanty úspešnosti predkladaných projektov na financovanie z európskych štrukturálnych a investičných fondov (EŠIF) pre obce na Slovensku v programovom období 2014-2020. Regresory použité vo vytvorenom ekonometrickom modeli zahŕňajú proxy pre skúsenosti s písaním projektov, demografiu obce a finančné ukazovatele. V modeli využívame aj ďalšie charakteristiky: podiel projektov, ktoré boli predložené starostkami obcí a podiel projektov schválených pre obec, ktorej starostu v predchádzajúcich voľbách podporili parlamentné strany podieľajúce sa na vláde v rokoch 2014 až 2020 
610 2 0 |a samospráva miestna 
610 2 0 |a fondy Európskej únie 
610 2 0 |a modely ekonometrické 
610 2 0 |a rozvoj regionálny 
610 2 0 |a projekty 
100 1 |a Výrostová, Eva 
700 1 |a Výrost, Tomáš, 1978-